<?xml version="1.0" encoding="UTF-8"?><?xml-stylesheet type="text/xsl" href="static/style.xsl"?><OAI-PMH xmlns="http://www.openarchives.org/OAI/2.0/" xmlns:xsi="http://www.w3.org/2001/XMLSchema-instance" xsi:schemaLocation="http://www.openarchives.org/OAI/2.0/ http://www.openarchives.org/OAI/2.0/OAI-PMH.xsd"><responseDate>2026-04-13T13:29:18Z</responseDate><request verb="GetRecord" identifier="oai:www.recercat.cat:2117/102439" metadataPrefix="marc">https://recercat.cat/oai/request</request><GetRecord><record><header><identifier>oai:recercat.cat:2117/102439</identifier><datestamp>2025-07-17T06:31:17Z</datestamp><setSpec>com_2072_1033</setSpec><setSpec>col_2072_452950</setSpec></header><metadata><record xmlns="http://www.loc.gov/MARC21/slim" xmlns:dcterms="http://purl.org/dc/terms/" xmlns:xsi="http://www.w3.org/2001/XMLSchema-instance" xmlns:doc="http://www.lyncode.com/xoai" xsi:schemaLocation="http://www.loc.gov/MARC21/slim http://www.loc.gov/standards/marcxml/schema/MARC21slim.xsd">
   <leader>00925njm 22002777a 4500</leader>
   <datafield ind2=" " ind1=" " tag="042">
      <subfield code="a">dc</subfield>
   </datafield>
   <datafield ind2=" " ind1=" " tag="720">
      <subfield code="a">Hernández Falagán, David</subfield>
      <subfield code="e">author</subfield>
   </datafield>
   <datafield ind2=" " ind1=" " tag="260">
      <subfield code="c">2017-03</subfield>
   </datafield>
   <datafield ind2=" " ind1=" " tag="520">
      <subfield code="a">Durant bona part dels anys 1960 la revista Serra d’Or es va convertir en un mitjà de comunicació&#xd;
essencial per a la difusió dels valors de l’arquitectura moderna a Catalunya. Parlem d’una època&#xd;
en la que les dues disciplines —la comunicació i l’arquitectura— patien les dificultats pròpies d’una&#xd;
societat captiva d’un règim dictatorial autoritari. Van ser molt pocs els intel·lectuals que van saber&#xd;
esquivar les fronteres de la censura per mantenir viu el debat cultural del país. La revista Serra&#xd;
d’Or, com a canal, i alguns personatges, com l’arquitecte Oriol Bohigas o l’historiador Alexandre&#xd;
Cirici com a cronistes, identifiquen aquesta rebel·lia tranquil·la que va permetre construir un&#xd;
discurs incipient de l’arquitectura moderna catalana. El debat al voltant del realisme català en&#xd;
l’àmbit arquitectònic va ser un tema transversal iniciat aquí, que ràpidament va desbordar els límits&#xd;
de la revista. En aquest debat, la corrent “idealista” de l’arquitectura, basada en una comprensió&#xd;
de la modernitat des de la innovació en els aspectes tecnològics, va quedar relegada a un segon&#xd;
pla. No obstant això, no es tard per reivindicar des d’aquestes mateixes pàgines el paper d’uns&#xd;
arquitectes que van desafiar les possibilitats tècniques del seu temps per proposar una&#xd;
arquitectura capaç de dialogar amb les experiències internacionals més innovadores. Aquests&#xd;
pioners no són altres que la parella formada pels arquitectes Enric Tous (1925) y Josep Maria&#xd;
Fargas (1926-2011).</subfield>
   </datafield>
   <datafield ind2=" " ind1=" " tag="520">
      <subfield code="a">Peer Reviewed</subfield>
   </datafield>
   <datafield ind2=" " ind1=" " tag="520">
      <subfield code="a">Postprint (published version)</subfield>
   </datafield>
   <datafield tag="653" ind2=" " ind1=" ">
      <subfield code="a">Àrees temàtiques de la UPC::Arquitectura::Arquitectes</subfield>
   </datafield>
   <datafield tag="653" ind2=" " ind1=" ">
      <subfield code="a">Tous Carbó, Enric, 1925-</subfield>
   </datafield>
   <datafield tag="653" ind2=" " ind1=" ">
      <subfield code="a">Tous Carbó, Enric, 1925-</subfield>
   </datafield>
   <datafield ind2="0" ind1="0" tag="245">
      <subfield code="a">Elogi de la tècnica. L'idealisme arquitectònic de Tous i Fargas</subfield>
   </datafield>
</record></metadata></record></GetRecord></OAI-PMH>